000 00372nam a22001337a 4500
020 _a9780342951802
082 _a340 VIN
100 _aVinogradoff, Paul
245 _aCommon-sense in Law /
_cPaul Vinogradoff
260 _aLondon :
_bWilliams and Norgate,
_cN.A.
300 _a256 p. ;
_c23 cm.
942 _2ddc
_cBK
999 _c586999
_d586999